00640nam a22001937a 450000500170000001000140001702000280003103500130005903700090007208200060008124500270008726000400011427000680015430000300022270000210025294200200027399900190029395201340031220241209155846.0 a B-761432 a9788181538978c340.00  aB-761432 bGift aS aRainbow Jungle Book/  aDelhi bRainbow Books c2019(repr.) aF-32, Street No.12, Parwana Road, Jagat Puri, b Delhi e110051 a112p.c25cm(Hb)bcol.ill. aAakanksha955845 2ddccCHmRAIhS c207506d207506 001040708FICaLbLd2024-12-09eGift/9.12.24g340.00l0oRAI SpB-761432r2024-12-09 00:00:00t1v340.00w2024-12-09yCHzGift